| 000 | 00554nam a2200193Ia 4500 | ||
|---|---|---|---|
| 005 | 20250508160140.0 | ||
| 008 | 008 250505s9999 xx 000 0 eng d | ||
| 037 | _aTextual | ||
| 040 |
_aFEDL _beng _cFEDL |
||
| 041 |
_aeng _2eng |
||
| 084 |
_a520, GOD _qFEDL |
||
| 100 |
_aGodfray Hugh _9767982 |
||
| 245 | 0 | _aTreatise on astronomy : For the use of colleges and schools | |
| 250 | _a6th | ||
| 260 |
_aLondon, UK _bThe Macmillan and Company Limited _c1928 |
||
| 300 | _a320p. | ||
| 942 |
_cTEXL _h520, GOD |
||
| 999 |
_c1362222 _d1362222 |
||